| 000 | 01075nam a22002295i 4500 | ||
|---|---|---|---|
| 001 | 103065 | ||
| 003 | ES-MaACL | ||
| 005 | 20250724015104.0 | ||
| 007 | t| | ||
| 008 | 060110s1757 sp ||||1| spa d | ||
| 040 |
_aCCPB | B _bspa _cCCPB | B |
||
| 080 | _a61(049.2)"17" | ||
| 100 | 1 |
_aLópez de Araujo y Azcárraga, Bernardo. _973526 |
|
| 245 | 1 | 0 |
_aRespuesta al papel que ha dado al público el bachiller D. Antonio María Herrero, ex-médico del Hospital General, sobre la enfermedad, que quitó la vida a Manuel Rodríguez / _cpor Bernardo Lopez de Araujo y Ascarraga ... ; quien la dedica al excmo. señor Conde de Miranda, y señores de la Real Junta de los Reales Hospitales de esta Corte. |
| 260 |
_aEn Madrid : _ben la Oficina de D. Gabriel Ramirez ..., _c1757. |
||
| 300 |
_a[12], 103 p. ; _c20 cm. |
||
| 600 | 1 | 4 |
_aHerrero, Antonio María. _963258 |
| 650 | 1 | 4 |
_aMedicina- _vObras anteriores a 1800 _914912 |
| 700 | 1 |
_aHerrero, Antonio María. _963258 |
|
| 852 |
_aES-MaACL _jR-3431(10) |
||
| 999 |
_c103065 _d103065 |
||